Sending the right signals (Record no. 77839)
[ view plain ]
| 000 -LEADER | |
|---|---|
| fixed length control field | 01494cab a2200253 4500 |
| 001 - CONTROL NUMBER | |
| control field | ##L135251 |
| 008 - FIXED-LENGTH DATA ELEMENTS--GENERAL INFORMATION | |
| fixed length control field | 061009n2006 000 0 eng u |
| 035 ## - SYSTEM CONTROL NUMBER | |
| System control number | (Sirsi) u135251 |
| 041 0# - LANGUAGE CODE | |
| Language code of text/sound track or separate title | eng |
| 100 1# - MAIN ENTRY--PERSONAL NAME | |
| Personal name | Thornton-Kemsley, Ian |
| 245 00 - TITLE STATEMENT | |
| Title | Sending the right signals |
| 260 ## - PUBLICATION, DISTRIBUTION, ETC. | |
| Date of publication, distribution, etc. | 2006 |
| 490 #0 - SERIES STATEMENT | |
| Series statement | Journal of the Law Society of Scotland |
| Volume/sequential designation | 51(9) September, 52-54(3) |
| 520 ## - SUMMARY, ETC. | |
| Summary, etc. | Recommends that tenants (and their advisers) who are leasing their land for telecommunications masts be aware of industry practices adopted by the major operators. Leases are unusually for the property market produced by the tenants. Focuses on the Electronic Communications Code (Telecommunications Act 1984 Sched 2 as amended) that governs telecommunications agreements. Outlines the principal Code powers and discusses the lease terms in respect of rent review patterns, rent review mechanism, dispute resolution, assignation, equipment restrictions, reinstatement, site sharing and street works. Table covers rental growth in the telecommunications and other sectors. |
| 590 ## - LOCAL NOTE (RLIN) | |
| Local note | IKA171006 |
| 650 24 - SUBJECT ADDED ENTRY--TOPICAL TERM | |
| Topical term or geographic name entry element | TELECOMMUNICATIONS ACT 1984 SCHED 2 |
| 650 24 - SUBJECT ADDED ENTRY--TOPICAL TERM | |
| Topical term or geographic name entry element | COMMUNICATIONS ACT 2003 |
| 650 24 - SUBJECT ADDED ENTRY--TOPICAL TERM | |
| Topical term or geographic name entry element | RENFREW DC V AB LEISURE (RENFREW) |
| 650 24 - SUBJECT ADDED ENTRY--TOPICAL TERM | |
| Topical term or geographic name entry element | BRADOR PROPERTIES V BRITISH TELECOMMUNICATIONS PLC |
| 650 24 - SUBJECT ADDED ENTRY--TOPICAL TERM | |
| Topical term or geographic name entry element | NEW ROADS AND STREET WORKS ACT 1991 |
| 651 #4 - SUBJECT ADDED ENTRY--GEOGRAPHIC NAME | |
| Geographic name | Scotland |
| Chronological subdivision | 1999- |
| 690 ## - LOCAL SUBJECT ADDED ENTRY--TOPICAL TERM (OCLC, RLIN) | |
| Topical term or geographic name as entry element | PROPERTY-INFRASTRUCTURE-TELECOMMUNICATIONS INFRASTRUCTURE-TELECOMMUNICATIONS FACILITIES |
| 942 ## - ADDED ENTRY ELEMENTS (KOHA) | |
| Suppress in OPAC | 0 |
| Withdrawn status | Lost status | Source of classification or shelving scheme | Damaged status | Not for loan | Home library | Current library | Shelving location | Date acquired | Total Checkouts | Full call number | Barcode | Date last seen | Copy number | Price effective from | Koha item type |
|---|---|---|---|---|---|---|---|---|---|---|---|---|---|---|---|
| Dewey Decimal Classification | London | London | Journal article | 09/10/2006 | L135251 | 135251-1001 | 06/08/2019 | 1 | 06/08/2019 | Journal article |